Statistics for All Cities in Alameda County

Click here to take the quiz!

General Stats

  • This quiz has been taken 10 times
  • The average score is 12 of 14

Answer Stats

Answer% Correct
Alameda
100%
Berkeley
100%
Fremont
100%
Oakland
100%
Pleasanton
100%
Dublin
86%
Hayward
86%
Livermore
86%
Newark
86%
San Leandro
86%
Union City
86%
Emeryville
71%
Piedmont
71%
Albany
43%

Score Distribution

Percentile by Number Answered

Percent of People with Each Score

Your Score History

You have not taken this quiz